[Event "FSV-ch 2014"]
[Site "Offene VM 2014"]
[Date "2014.03.27"]
[Round "3.8"]
[White "Guddat, Jörn"]
[Black "Kirmes, Hans-Uwe"]
[Result "1-0"]
[WhiteElo "1747"]
[BlackElo "1291"]
[PlyCount "101"]
[EventDate "2014.??.??"]
[Source "Pit Schulenburg"]
[SourceDate "2014.03.06"]

1. d4 d5 2. c4 c6 3. Nf3 Nf6 4. e3 Nbd7 5. Nbd2 e6 6. Bd3 dxc4 7. Nxc4 c5 8.
O-O cxd4 9. exd4 Nd5 10. Qb3 Be7 11. Re1 O-O 12. Nce5 N7b6 13. g3 Rb8 14. Bd2
Bd7 15. Nxd7 Nxd7 16. Bc3 Qb6 {(=)} 17. Qd1 Bb4 18. Rc1 Rbc8 19. Qd2 Bxc3 20.
bxc3 Qa5 21. c4 Qxd2 22. Nxd2 N5f6 23. c5 Nd5 24. Rb1 Rc7 25. Ne4 b6 26. Bb5
Nb8 27. Rec1 bxc5 28. dxc5 Rd8 29. Ba4 f5 30. Ng5 Re7 31. f4 h6 32. Nf3 Na6 33.
a3 Rc8 34. c6 Rec7 35. Ne5 Nb6 36. Bb3 Re7 37. Nd7 Kf7 38. Nxb6 axb6 39. Bc4
Nb8 40. Rxb6 Rec7 41. Bb5 Ke7 42. Ba6 Nxa6 43. Rxa6 Kd6 44. Kf2 g5 45. Ke3 Rb8
46. Rc2 g4 47. Kd4 Rb5 48. Ke3 e5 49. fxe5+ Kxe5 50. Ra8 Rb3+ 51. Kf2 {
und Schwarz ueberschritt die Zeit.} 1-0

[Event "FSV-ch 2014"]
[Site "Offene VM 2014"]
[Date "2014.03.27"]
[Round "3.9"]
[White "Link, Werner"]
[Black "Boeck, Matthias"]
[Result "0-1"]
[WhiteElo "1444"]
[BlackElo "1670"]
[PlyCount "64"]
[EventDate "2014.??.??"]
[Source "Pit Schulenburg"]
[SourceDate "2014.03.06"]

1. Nf3 f5 2. d3 Nf6 3. g3 g6 4. Bg2 Bg7 5. O-O O-O 6. Re1 d6 7. e4 e5 8. Bg5 h6
9. Bxf6 Rxf6 10. h4 f4 11. Nc3 Bg4 12. Nd5 Rf7 13. Qd2 c6 (13... fxg3 $142 $19)
14. Nh2 Qd7 15. Nxg4 Qxg4 16. Nc3 fxg3 17. fxg3 Qxg3 18. Re3 Qxh4 19. Qe1 Qxe1+
20. Raxe1 Na6 21. a3 Raf8 22. Rf1 Rxf1+ 23. Bxf1 Nc7 24. Bh3 Nb5 25. Rg3 Kh7
26. Kg2 Nd4 27. Bg4 Nxc2 28. Bd1 Nd4 29. Nb1 Bf6 30. Nd2 Bh4 31. Nc4 Bxg3 32.
Kxg3 Rf1 0-1

[Event "FSV-ch 2014"]
[Site "Offene VM 2014"]
[Date "2014.03.27"]
[Round "3.10"]
[White "Yangibayev, Rustam"]
[Black "Jost, Udo"]
[Result "1-0"]
[WhiteElo "1495"]
[BlackElo "1851"]
[PlyCount "89"]
[EventDate "2014.??.??"]
[Source "Pit Schulenburg"]
[SourceDate "2014.03.06"]

1. Nf3 c5 2. c4 Nf6 3. Nc3 e6 4. g3 d5 5. cxd5 exd5 6. d4 Nc6 7. Bg2 Bg4 8. Ne5
Be6 9. Qa4 cxd4 10. Nxc6 bxc6 11. Qxd4 c5 12. Qa4+ Bd7 13. Qc2 d4 14. Ne4 Rc8
15. Nxf6+ Qxf6 16. Bb7 Rc7 17. Bf4 Bd6 18. Qe4+ Kd8 19. Bxd6 Qxd6 20. Qh4+ f6
21. Be4 g5 22. Qh6 Qe7 23. Bf3 g4 24. Bg2 Re8 25. Qd2 Bb5 26. Bf1 Qe4 27. Rg1
Kc8 28. O-O-O Qe6 29. Qa5 Rb7 30. Kb1 Qf5+ 31. Ka1 Qxf2 32. Bg2 Ree7 33. Bxb7+
Rxb7 34. a4 Bxa4 35. Qxa4 Qxe2 36. Qc6+ Kb8 37. Qd6+ Ka8 38. Qd8+ Rb8 39. Qd5+
Rb7 40. b3 Qa6+ 41. Kb1 c4 42. Rge1 Qb5 43. Qxb5 Rxb5 44. Rxd4 Rxb3+ 45. Kc2
1-0

[Event "FSV-ch 2014"]
[Site "Offene VM 2014"]
[Date "2014.03.27"]
[Round "3.11"]
[White "Grube, Jörg"]
[Black "Zhang, Jingfu"]
[Result "1-0"]
[WhiteElo "1823"]
[BlackElo "1453"]
[PlyCount "67"]
[EventDate "2014.??.??"]
[Source "Pit Schulenburg"]
[SourceDate "2014.03.06"]

1. e4 e5 2. Nf3 Nc6 3. Bb5 Nf6 4. O-O Bc5 5. d3 d6 6. c3 O-O 7. Bg5 a6 8. Ba4
b5 9. Bc2 Re8 10. h3 Qe7 11. Kh1 Bb7 12. Nbd2 Bb6 13. Nh4 Bc8 14. f4 h6 15.
fxe5 hxg5 16. exf6 gxf6 17. Nf5 Bxf5 18. Rxf5 Kg7 19. Nf1 Rh8 20. Nh2 Ne5 21.
d4 Ng6 22. Ng4 Nf4 23. Nxf6 Nxh3 24. gxh3 Rxh3+ 25. Kg2 Rah8 26. Qg4 Rh2+ 27.
Kg3 R8h3+ 28. Qxh3 Rxh3+ 29. Kxh3 Qd8 30. Kg4 Qh8 31. Nh5+ Kh6 32. Rf6+ Kh7 33.
e5+ Kg8 34. Raf1 1-0

[Event "FSV-ch 2014"]
[Site "Offene VM 2014"]
[Date "2014.03.27"]
[Round "3.12"]
[White "Zabel, Reinhard"]
[Black "Rauschenbusch, Udo"]
[Result "0-1"]
[WhiteElo "1487"]
[BlackElo "1697"]
[PlyCount "68"]
[EventDate "2014.??.??"]
[Source "Pit Schulenburg"]
[SourceDate "2014.03.06"]

1. e4 Nf6 2. Nc3 e6 3. d4 Bb4 4. Bd3 h6 5. Nf3 b6 6. Bd2 Bb7 7. e5 Nd5 8. Nxd5
Bxd2+ 9. Qxd2 Bxd5 10. Qe3 Nc6 11. a3 Ne7 12. Be4 Bxe4 13. Qxe4 d5 14. exd6
cxd6 15. O-O Rc8 16. Rac1 b5 17. Qd3 Qb6 18. c3 O-O 19. Rc2 Rc6 20. Rfc1 Rfc8
21. g3 a6 22. Qe3 Nf5 23. Qd3 a5 24. d5 Rc5 25. dxe6 fxe6 26. g4 Ne7 27. Qe4 e5
28. Rd1 Rc4 29. Qe2 Rxg4+ 30. Kf1 Qc6 31. Rcd2 Rf8 32. Rd3 Rgf4 33. Kg2 R8f6
34. Rg1 e4 0-1

[Event "FSV-ch 2014"]
[Site "Offene VM 2014"]
[Date "2014.03.27"]
[Round "3.13"]
[White "Haufe, Sven"]
[Black "Orlowski, Wilfried"]
[Result "0-1"]
[WhiteElo "1415"]
[BlackElo "1566"]
[PlyCount "80"]
[EventDate "2014.??.??"]
[Source "Pit Schulenburg"]
[SourceDate "2014.03.06"]

1. d4 Nf6 2. Bg5 e6 3. e3 c5 4. Nf3 cxd4 5. Nxd4 Qa5+ 6. Nd2 Qxg5 7. N2f3 Qa5+
8. c3 Qc7 9. Bd3 a6 10. Qc2 h6 11. O-O-O d5 12. h3 e5 13. Qa4+ Bd7 14. Nb5 Qb6
15. Nxe5 Bxb5 16. Qb3 Bc5 17. Bxb5+ Qxb5 18. Qxb5+ axb5 19. a3 Nc6 20. Nd3 Bb6
21. Rhe1 O-O 22. Nf4 Rfd8 23. f3 Ra4 24. Kb1 Bxe3 25. Rxe3 Rxf4 26. g3 Ra4 27.
Kc2 Kf8 28. Rd2 Na5 29. Rde2 Re8 30. g4 Rxe3 31. Rxe3 Nc4 32. Re2 Ra6 33. Kb3
Re6 34. Rh2 Nd6 35. Kb4 b6 36. b3 Re3 37. f4 Re4+ 38. c4 Rxf4 39. Kc3 bxc4 40.
bxc4 Rxc4+ 0-1

[Event "FSV-ch 2014"]
[Site "Offene VM 2014"]
[Date "2014.03.27"]
[Round "3.14"]
[White "Reker, Gerhard"]
[Black "Benke, Werner"]
[Result "0-1"]
[WhiteElo "861"]
[BlackElo "1534"]
[PlyCount "43"]
[EventDate "2014.??.??"]
[Source "Pit Schulenburg"]
[SourceDate "2014.03.06"]

1. e4 e5 2. Nf3 Nc6 3. Bc4 Be7 4. d3 Nf6 5. O-O O-O 6. Nc3 d6 7. Nd5 a6 8.
Nxe7+ Qxe7 9. b4 Nxb4 10. a3 Nc6 11. a4 a5 12. Bd5 Nb4 13. Bc4 Bg4 14. h3 Bh5
15. Qe2 Rad8 16. c3 Nc6 17. Bb5 Nb8 18. Bc4 Nbd7 19. Rb1 Rb8 20. Rb5 b6 21. Rb3
Nc5 22. Rb1 {Der Rest der Partie ist nicht rekonstruierbar.} 0-1

[Event "FSV-ch 2014"]
[Site "Offene VM 2014"]
[Date "2014.03.27"]
[Round "3.15"]
[White "Wilkins, Petra"]
[Black "Mokros, Jürgen"]
[Result "0-1"]
[WhiteElo "957"]
[BlackElo "1532"]
[PlyCount "64"]
[EventDate "2014.??.??"]
[Source "Pit Schulenburg"]
[SourceDate "2014.03.06"]

1. d4 b6 2. Nf3 Bb7 3. c4 Nf6 4. Nbd2 e6 5. Qc2 d5 6. b3 Be7 7. e3 O-O 8. Bd3
Nc6 9. a3 h6 10. O-O Rc8 11. Bb2 Na5 12. b4 dxc4 13. Bxc4 Nxc4 14. Qxc4 c5 15.
Qa2 c4 16. Nxc4 Bd5 17. Nfd2 b5 18. Rac1 bxc4 19. Rc3 Bd6 20. Nxc4 Bxh2+ 21.
Kxh2 Ng4+ 22. Kg3 h5 23. Rh1 Rxc4 24. Rxc4 Qd6+ 25. f4 Nxe3 26. Rxh5 Bxc4 27.
Qb1 Nf5+ 28. Kg4 Be2+ 29. Kh3 Bxh5 30. g4 Qxf4 31. gxf5 Bg4+ 32. Kh4 Bxf5+ 0-1

[Event "FSV-ch 2014"]
[Site "Offene VM 2014"]
[Date "2014.03.27"]
[Round "3.16"]
[White "Vogt, Christian"]
[Black "Hast, Stefan"]
[Result "1-0"]
[WhiteElo "1538"]
[BlackElo "1240"]
[PlyCount "39"]
[EventDate "2014.??.??"]
[Source "Pit Schulenburg"]
[SourceDate "2014.03.06"]

1. d4 Nf6 2. Nf3 e6 3. g3 b6 4. Bg2 Bb7 5. O-O Bd6 6. c4 O-O 7. Nc3 Be7 8. Qc2
c5 9. Rd1 cxd4 10. Rxd4 h6 11. Bf4 Nc6 12. Rd2 Nh5 13. Bd6 Bxd6 14. Rxd6 Qe7
15. Rad1 Rad8 16. Qd2 Nb8 17. Ne5 Nf6 18. Bxb7 Ne8 19. Rd3 d6 20. Bg2 1-0

[Event "FSV-ch 2014"]
[Site "Offene VM 2014"]
[Date "2014.03.31"]
[Round "3.17"]
[White "Jentzsch, Werner W"]
[Black "Khess, Roman"]
[Result "1-0"]
[WhiteElo "1322"]
[BlackElo "1639"]
[PlyCount "67"]
[EventDate "2014.??.??"]
[Source "Pit Schulenburg"]
[SourceDate "2014.03.06"]

1. d4 Nf6 2. c4 g6 3. Nc3 Bg7 4. e4 d6 5. f4 O-O 6. Nf3 c6 7. Bd3 Bg4 8. h3
Bxf3 9. gxf3 Nbd7 10. Qc2 e5 11. fxe5 dxe5 12. d5 Nh5 13. Qf2 Qe7 14. Be3 Nf4
15. O-O-O cxd5 16. cxd5 b6 17. Kb1 Nxd3 18. Rxd3 Qb4 19. h4 h5 20. d6 Nf6 21.
Rhd1 Rfd8 22. d7 Qc4 23. Bg5 Qe6 24. Rd6 Qe7 25. Nd5 Qxd6 26. Nxf6+ Qxf6 27.
Bxf6 Bxf6 28. f4 Bg7 29. f5 Kh7 30. fxg6+ fxg6 31. Qf7 Rf8 32. Qe7 Rad8 33. Rd6
Rg8 34. Qf7 1-0

[Event "FSV-ch 2014"]
[Site "Offene VM 2014"]
[Date "2014.03.27"]
[Round "3.18"]
[White "Herrmann, Rudolf"]
[Black "Tautz, Eugen"]
[Result "1/2-1/2"]
[WhiteElo "1356"]
[BlackElo "1375"]
[PlyCount "120"]
[EventDate "2014.??.??"]
[Source "Pit Schulenburg"]
[SourceDate "2014.03.06"]

1. d4 d5 2. c4 dxc4 3. Nc3 Nf6 4. Nf3 e6 5. e3 Be7 6. Bxc4 Nc6 7. a3 O-O 8. O-O
a6 9. b4 b5 10. Be2 Bb7 11. Bb2 Qe8 12. Qc2 Rd8 13. Bd3 g6 14. Ne4 Nxe4 15.
Bxe4 Ba8 16. Rac1 Rd6 17. Qc3 Bf6 18. Bxc6 Rxc6 19. Qd2 Rxc1 20. Rxc1 Bxf3 21.
gxf3 Qe7 22. Kf1 Bg7 23. Ke2 Rc8 24. Rg1 Qd6 25. f4 Qd5 26. Rg5 f5 27. h4 Bf6
28. Rg1 Bxh4 29. Kf1 Qe4 30. Bc1 Qf3 31. Qa2 Re8 32. Qd2 Rd8 33. Rg2 Rd6 34.
Kg1 Rc6 35. Bb2 Qe4 36. d5 exd5 37. Qd4 Qxd4 38. Bxd4 Bf6 39. Bc5 Bb2 40. f3
Bf6 41. Rd2 d4 42. e4 fxe4 43. fxe4 Re6 44. e5 Be7 45. Bxd4 Kf7 46. Kg2 Rc6 47.
Kf3 Rc1 48. Re2 Rf1+ 49. Kg3 Rd1 50. Bb2 Rg1+ 51. Kf3 Rd1 52. e6+ Ke8 53. Ke4
Bd6 54. f5 gxf5+ 55. Kxf5 Rf1+ 56. Ke4 Rf4+ 57. Kd5 Rc4 58. Rg2 Bf8 59. Bf6 c6+
60. Ke5 Rc3 1/2-1/2

[Event "FSV-ch 2014"]
[Site "Offene VM 2014"]
[Date "2014.03.27"]
[Round "3.20"]
[White "Heinz, Hans-Werner"]
[Black "Baier, Jörg"]
[Result "0-1"]
[WhiteElo "1211"]
[BlackElo "1532"]
[PlyCount "48"]
[EventDate "2014.??.??"]
[Source "Pit Schulenburg"]
[SourceDate "2014.03.06"]

1. d4 Nf6 2. Nf3 g6 3. e3 Bg7 4. Be2 c5 5. h3 d5 6. O-O cxd4 7. Nxd4 O-O 8. c3
e5 9. Nf3 Re8 10. Nbd2 Nc6 11. Nb3 Ne4 12. Nbd2 Bf5 13. Kh2 Qc7 14. g3 d4 15.
Nxe4 Bxe4 16. cxd4 Bxf3 17. Bxf3 exd4 18. Bxc6 Qxc6 19. exd4 Rad8 20. Be3 Rd5
21. Rc1 Qd7 22. Rc4 Rh5 23. h4 Qd6 24. f4 $4 Rxe3 0-1

[Event "FSV-ch 2014"]
[Site "Offene VM 2014"]
[Date "2014.03.27"]
[Round "3.21"]
[White "Schirmer, Michael"]
[Black "Jürgens, Ulrich"]
[Result "1-0"]
[WhiteElo "1452"]
[BlackElo "1096"]
[PlyCount "73"]
[EventDate "2014.??.??"]
[Source "Pit Schulenburg"]
[SourceDate "2014.03.06"]

1. b4 d5 2. Bb2 a6 3. e3 Nc6 4. a3 e5 5. c4 d4 6. b5 axb5 7. cxb5 Na5 8. exd4
exd4 9. d3 c5 10. Nf3 f6 11. Be2 Be6 12. Nbd2 Qd5 13. Nc4 Qd8 14. Nfd2 Bd5 15.
O-O b6 16. Bf3 Rb8 17. Re1+ Ne7 18. a4 g6 19. Rc1 Bg7 20. Nxa5 bxa5 21. Rxc5
Bxf3 22. Nxf3 f5 23. Qe2 Bf6 24. Rc6 O-O 25. Re6 Rb7 26. Ba3 Rf7 27. Ne5 Bxe5
28. Rxe5 Kg7 29. Bxe7 Qc7 30. Re6 Qc8 31. Qe5+ Kg8 32. Bf6 Rb8 33. Re8+ Qxe8
34. Qxe8+ Rxe8 35. Rxe8+ Rf8 36. Rxf8+ Kxf8 37. b6 1-0

[Event "FSV-ch 2014"]
[Site "Offene VM 2014"]
[Date "2014.03.27"]
[Round "3.22"]
[White "Rabe, Mark"]
[Black "Winkler, Harald"]
[Result "0-1"]
[WhiteElo "1047"]
[BlackElo "1352"]
[PlyCount "88"]
[EventDate "2014.??.??"]
[Source "Pit Schulenburg"]
[SourceDate "2014.03.06"]

1. c4 Nf6 2. Nc3 c5 3. e4 d6 4. Be2 Nc6 5. d3 g6 6. h3 Bg7 7. Nf3 O-O 8. Bd2 a6
9. Qc1 Rb8 10. Bh6 b5 11. Rb1 b4 12. Bxg7 Kxg7 13. Nd1 e6 14. b3 Qb6 15. h4 h5
16. O-O Bb7 17. Nh2 Rh8 18. Qb2 Nd4 19. Nf3 Nxe2+ 20. Qxe2 Rh6 21. Qd2 Rbh8 22.
Ng5 Qd8 23. Re1 Nd7 24. Qb2+ Qf6 25. Qxf6+ Kxf6 26. f4 Kg7 27. Rb2 Re8 28. Rf2
f6 29. Nh3 Rhh8 30. Re3 Rhg8 31. Kf1 Kh7 32. g3 d5 33. exd5 exd5 34. Rfe2 Rxe3
35. Rxe3 Rg7 36. Kf2 d4 37. Re2 Rf7 38. Ng1 Kg7 39. Kf1 Kf8 40. Nf2 Re7 41.
Rxe7 Kxe7 42. Ke2 Ke6 43. Nf3 Kf5 44. Kd2 $4 Bxf3 0-1

[Event "FSV-ch 2014"]
[Site "Offene VM 2014"]
[Date "2014.04.17"]
[Round "4.1"]
[White "Lauche, Christoph"]
[Black "Nachbar, Benjamin"]
[Result "1/2-1/2"]
[WhiteElo "1907"]
[BlackElo "2133"]
[PlyCount "87"]
[EventDate "2014.??.??"]
[Source "Pit Schulenburg"]
[SourceDate "2014.03.06"]

1. e4 c6 2. d4 d5 3. f3 dxe4 4. fxe4 e5 5. Nf3 Be6 6. c3 Nd7 7. Bd3 Bd6 8. O-O
f6 9. Nbd2 Nh6 10. Nc4 Nf7 11. Nxd6+ Nxd6 12. dxe5 Nxe5 13. Nxe5 fxe5 14. Qe2
Nf7 15. Be3 b6 16. Rad1 O-O 17. Bc4 Qe7 18. a4 Nd6 19. Rxf8+ Rxf8 20. Bxe6+
Qxe6 21. a5 Qc4 22. Qd3 Qxd3 23. Rxd3 Nc4 24. axb6 axb6 25. b3 Nxe3 26. Rxe3
Rd8 27. Kf2 Kf7 28. Ke2 Ke7 29. Rh3 h6 30. Rg3 g5 31. Rd3 Rf8 32. Rf3 Rf4 33.
Ke3 Kd6 34. g3 Rxf3+ 35. Kxf3 h5 36. g4 h4 37. Ke3 Kc5 38. Kd3 h3 39. Ke3 Kb5
40. Kd3 c5 41. Kc2 c4 42. b4 Ka4 43. Kb2 b5 44. Ka2 {Patt!} 1/2-1/2

[Event "FSV-ch 2014"]
[Site "Offene VM 2014"]
[Date "2014.04.03"]
[Round "4.2"]
[White "Zelt, Jens"]
[Black "Guddat, Jörn"]
[Result "1-0"]
[WhiteElo "2001"]
[BlackElo "1747"]
[PlyCount "85"]
[EventDate "2014.??.??"]
[Source "Pit Schulenburg"]
[SourceDate "2014.03.06"]

1. d4 d5 2. e3 e6 3. Bd3 c5 4. c3 Nf6 5. Nd2 Qc7 6. Ngf3 Bd6 7. h3 b6 8. O-O
Nbd7 9. Re1 O-O 10. Ng5 h6 11. Ngf3 Bb7 12. Qc2 Rfe8 13. a4 a5 14. b3 Rac8 15.
Bb2 Qb8 16. Rac1 Qa8 17. Bf1 Ba6 18. Bxa6 Qxa6 19. Qb1 Qb7 20. c4 Qb8 21. Red1
Be7 22. cxd5 exd5 23. Qd3 Red8 24. Ne5 cxd4 25. Nc6 Rxc6 26. Rxc6 dxe3 27. Qxe3
Bc5 28. Qf3 Qb7 29. Bxf6 Nxf6 30. Rxf6 gxf6 31. Ne4 Be7 32. Nxf6+ Bxf6 33. Qxf6
Qc7 34. Qxh6 Rd6 35. Qf4 Qe7 36. Rd3 Qd7 37. Qg5+ Kh7 38. Rd4 Rg6 39. Qxd5 Qc7
40. Rc4 Qe7 41. Re4 Qc7 42. Qh5+ Kg7 43. Qe5+ 1-0

[Event "FSV-ch 2014"]
[Site "Offene VM 2014"]
[Date "2014.04.03"]
[Round "4.3"]
[White "Begna, Bozidar"]
[Black "Brendemühl, Bernd"]
[Result "1/2-1/2"]
[WhiteElo "1932"]
[BlackElo "1962"]
[PlyCount "32"]
[EventDate "2014.??.??"]
[Source "Pit Schulenburg"]
[SourceDate "2014.03.06"]

1. e4 c5 2. Nf3 d6 3. Bb5+ Bd7 4. Bxd7+ Nxd7 5. O-O Ngf6 6. Qe2 e6 7. d3 Be7 8.
Nc3 O-O 9. e5 dxe5 10. Nxe5 Nxe5 11. Qxe5 Bd6 12. Qe2 Qb8 13. Kh1 Bf4 14. Ne4
Nxe4 15. Qxe4 Bxc1 16. Raxc1 Rd8 {(=)} 1/2-1/2

[Event "FSV-ch 2014"]
[Site "Offene VM 2014"]
[Date "2014.04.03"]
[Round "4.4"]
[White "Kemna, Martin"]
[Black "Zachos, Ingo"]
[Result "0-1"]
[WhiteElo "1941"]
[BlackElo "1836"]
[PlyCount "86"]
[EventDate "2014.??.??"]
[Source "Pit Schulenburg"]
[SourceDate "2014.03.06"]

1. e4 d6 2. c4 Nf6 3. Nc3 g6 4. g3 Bg7 5. h3 O-O 6. Bg2 Nbd7 7. Nge2 Rb8 8. d3
c5 9. Be3 a6 10. Qd2 b5 11. f4 bxc4 12. dxc4 Bb7 13. g4 Nb6 14. Qd3 a5 15. g5
Nfd7 16. a4 Bc6 17. b3 Qc8 18. Rd1 Qb7 19. Nb5 f5 20. Ng3 fxe4 21. Bxe4 Rf7 22.
O-O Rbf8 23. Bc1 Bxe4 24. Nxe4 Nb8 25. Nexd6 exd6 26. Nxd6 Qe7 27. Nxf7 Bd4+
28. Kg2 Qxf7 29. f5 gxf5 30. Bf4 Nc6 31. Bd6 Ne5 32. Bxe5 Bxe5 33. Qf3 Bd4 34.
Rde1 Nd7 35. Qf4 Qg7 36. Qd6 Qxg5+ 37. Kh1 Qh4 38. Qe6+ Kh8 39. Rf3 Nf6 40.
Ref1 Ne4 41. Kh2 Ng5 42. Qd6 Nxf3+ 43. Rxf3 Re8 0-1

[Event "FSV-ch 2014"]
[Site "Offene VM 2014"]
[Date "2014.04.03"]
[Round "4.5"]
[White "Sack, Thomas"]
[Black "Reschop, Romano"]
[Result "1-0"]
[WhiteElo "1852"]
[BlackElo "1704"]
[PlyCount "87"]
[EventDate "2014.??.??"]
[Source "Pit Schulenburg"]
[SourceDate "2014.03.06"]

1. d4 Nf6 2. f3 c5 3. Nc3 cxd4 4. Qxd4 Nc6 5. Qh4 e6 6. a3 d5 7. Bd2 Be7 8. Qf2
d4 9. Ne4 Nxe4 10. fxe4 Ne5 11. Nf3 Nxf3+ 12. exf3 Qb6 13. b3 Bd7 14. Bd3 e5
15. O-O Rc8 16. f4 Be6 17. Qg3 f6 18. fxe5 fxe5 19. Qxg7 Rg8 20. Qxe5 Rc5 21.
Qb8+ Bc8 22. b4 Qg6 23. Bb5+ Kd8 24. Rf2 Bd6 25. Qxa7 Rxb5 26. a4 Rh5 27. Qb6+
Ke8 28. e5 Rxh2 29. Qb5+ Bd7 30. Qxb7 Bxe5 31. Re1 Rh1+ 32. Kxh1 Qh5+ 33. Kg1
Qh2+ 34. Kf1 Qh1+ 35. Ke2 Qh5+ 36. Kd3 Rg3+ 37. Rf3 Bf5+ 38. Kc4 Be6+ 39. Kb5
Bd7+ 40. Ka6 Qg6+ 41. Ka7 Rxf3 42. Rxe5+ Be6 43. gxf3 Kf8 44. Qb8+ 1-0

[Event "FSV-ch 2014"]
[Site "Offene VM 2014"]
[Date "2014.04.03"]
[Round "4.6"]
[White "Orlowski, Wilfried"]
[Black "Grube, Jörg"]
[Result "0-1"]
[WhiteElo "1566"]
[BlackElo "1823"]
[PlyCount "76"]
[EventDate "2014.??.??"]
[Source "Pit Schulenburg"]
[SourceDate "2014.03.06"]

1. Nf3 c5 2. g3 Nf6 3. Bg2 g6 4. O-O Bg7 5. d3 O-O 6. e4 Nc6 7. c3 d6 8. Re1
Bd7 9. h4 Bg4 10. Nbd2 b5 11. Nf1 b4 12. N1h2 Bh5 13. Qa4 Rc8 14. Bh3 Bxf3 15.
Bxc8 Ne5 16. Bh3 Nfg4 17. Bxg4 Bxg4 18. Nxg4 Nf3+ 19. Kf1 Qc8 20. Nh6+ Kh8 21.
Rd1 bxc3 22. Kg2 cxb2 23. Bxb2 Nxh4+ 24. gxh4 Bxb2 25. Qb3 Bxa1 26. Rxa1 Kg7
27. Nxf7 Qg4+ 28. Kf1 Rxf7 29. Qc3+ e5 30. Rb1 Qxh4 31. Qc2 Qh1+ 32. Ke2 Qf3+ (
32... Rxf2+ $1) 33. Ke1 h5 34. Rb3 Qg2 35. Qe2 h4 36. Qf1 h3 37. d4 Qxe4+ 38.
Qe2 Qh4 0-1

[Event "FSV-ch 2014"]
[Site "Offene VM 2014"]
[Date "2014.04.03"]
[Round "4.8"]
[White "Mokros, Jürgen"]
[Black "Jähnicke, Karl-Heinz"]
[Result "1-0"]
[WhiteElo "1532"]
[BlackElo "1743"]
[PlyCount "111"]
[EventDate "2014.??.??"]
[Source "Pit Schulenburg"]
[SourceDate "2014.03.06"]

1. Nf3 d5 2. b3 Nf6 3. Bb2 e6 4. d4 Bd6 5. e3 O-O 6. Bd3 b6 7. Nbd2 Bb7 8. O-O
Nbd7 9. Ne5 Rc8 10. Ndf3 Ne4 11. Nxd7 Qxd7 12. Ne5 Qe7 13. Bxe4 dxe4 14. Nc4
Ba6 15. Nxd6 cxd6 16. Re1 d5 17. a4 Qc7 18. Rc1 f5 19. g3 Qf7 20. a5 Rc6 21.
axb6 axb6 22. Qd2 Rfc8 23. Qb4 h5 24. h4 Rxc2 25. Qxb6 Bd3 26. Ba3 Kh7 27. Bc5
Rxc1 28. Rxc1 Ra8 29. b4 Qg6 30. Qd6 Ra2 31. Qf4 Qe8 32. Bd6 Bc4 33. Qg5 Ra7
34. Bc5 {(=)} 34... Ra8 35. Bd6 Kg8 36. Be5 Ra7 37. Bd6 Be2 38. Bc5 Rb7 39. Ra1
Qc8 40. Qf4 Bf3 41. Qe5 Qc6 42. Qd6 Qc8 43. Qe5 Qe8 44. Qd6 g5 45. hxg5 Rg7 46.
Qf4 Qd8 47. Qe5 Rg6 48. b5 Qc8 49. Be7 Qc3 50. Qb8+ Kh7 51. Qa7 Rg7 52. Qa3 Qd2
53. Bf6 Rf7 54. Qc1 Qe2 55. Qc5 Bg4 56. Qc8 1-0

[Event "FSV-ch 2014"]
[Site "Offene VM 2014"]
[Date "2014.04.03"]
[Round "4.9"]
[White "Rauschenbusch, Udo"]
[Black "Dieckmann, Rudolf"]
[Result "0-1"]
[WhiteElo "1697"]
[BlackElo "1616"]
[PlyCount "33"]
[EventDate "2014.??.??"]
[Source "Pit Schulenburg"]
[SourceDate "2014.03.06"]

1. e4 c5 2. Nf3 Nc6 3. d4 cxd4 4. Nxd4 g6 5. Bc4 Bg7 6. Be3 Nf6 7. Nc3 a6 8. a4
O-O 9. O-O d6 10. h3 e6 11. a5 Nxa5 12. Ba2 Nc6 13. f3 Ne8 14. Nce2 Nc7 15. c3
Nb5 16. Nxb5 axb5 17. Bc5 $4 {Nach diesem Fingerfehler gab Weiss auf, ohne das
offensichtliche 17...dxc5 abzuwarten} 0-1

[Event "FSV-ch 2014"]
[Site "Offene VM 2014"]
[Date "2014.04.03"]
[Round "4.10"]
[White "Boeck, Matthias"]
[Black "Reinacher, Detlev"]
[Result "1-0"]
[WhiteElo "1670"]
[BlackElo "1565"]
[PlyCount "83"]
[EventDate "2014.??.??"]
[Source "Pit Schulenburg"]
[SourceDate "2014.03.06"]

1. f4 g6 2. Nf3 Bg7 3. g3 d6 4. e4 Nd7 5. Bg2 Ngf6 6. d3 O-O 7. O-O c6 8. h3
Qc7 9. g4 e5 10. f5 b5 11. g5 Nh5 12. f6 Qb6+ 13. Kh2 Ndxf6 14. gxf6 Bxf6 15.
Nc3 Bg7 16. Nh4 Qd8 17. Qe1 Bf6 18. Nf3 g5 19. a4 b4 20. Ne2 a5 21. c3 Rb8 22.
Bd2 c5 23. c4 Nf4 24. Nc1 Be6 25. b3 h5 26. Ra2 Kh7 27. Bxf4 gxf4 28. Rg1 Rg8
29. Bf1 Qd7 30. Rxg8 Rxg8 31. Rg2 Qd8 32. Rxg8 Kxg8 33. Ne2 h4 34. Neg1 Kf8 35.
Qf2 Ke8 36. Ne1 Kd7 37. Ngf3 Kc6 38. Ng2 Qd7 39. Ngxh4 Be7 40. Qg2 f5 41. exf5
Bxf5 42. Nxe5+ 1-0

[Event "FSV-ch 2014"]
[Site "Offene VM 2014"]
[Date "2014.04.03"]
[Round "4.11"]
[White "Schütz, Ralf"]
[Black "Yangibayev, Rustam"]
[Result "1-0"]
[WhiteElo "1831"]
[BlackElo "1495"]
[PlyCount "97"]
[EventDate "2014.??.??"]
[Source "Pit Schulenburg"]
[SourceDate "2014.03.06"]

1. e4 c6 2. Nc3 d5 3. Nf3 e6 4. d4 dxe4 5. Nxe4 Nd7 6. Bf4 Ngf6 7. Nd6+ Bxd6 8.
Bxd6 Nb6 9. Ba3 Nbd5 10. Ne5 Qa5+ 11. Qd2 Qxd2+ 12. Kxd2 Nd7 13. Nc4 Ne7 14.
Nd6+ Kf8 15. Re1 b5 16. Nf5 exf5 17. Bxe7+ Kg8 18. Bd6 h6 19. Bd3 Nf6 20. f3
Be6 21. h3 Rd8 22. Be5 Nd7 23. c3 a6 24. a4 Nxe5 25. Rxe5 g6 26. axb5 axb5 27.
Ra1 Kg7 28. Ra6 Rc8 29. Kc2 Rhd8 30. Rc5 Kf6 31. Rcxc6 Rb8 32. Rab6 Rxb6 33.
Rxb6 Kg5 34. Rxb5 Kf4 35. Re5 h5 36. b3 h4 37. Bc4 Rd6 38. Bxe6 fxe6 39. b4 g5
40. Kd3 g4 41. fxg4 fxg4 42. hxg4 Kxg4 43. b5 Kg3 44. Rg5+ Kh2 45. Kc4 Rd5 46.
Rg6 Rf5 47. b6 Rf2 48. b7 Rb2 49. Rg7 1-0

[Event "FSV-ch 2014"]
[Site "Offene VM 2014"]
[Date "2014.04.14"]
[Round "4.12"]
[White "Kirmes, Hans-Uwe"]
[Black "Vogt, Christian"]
[Result "1/2-1/2"]
[WhiteElo "1291"]
[BlackElo "1538"]
[PlyCount "37"]
[EventDate "2014.??.??"]
[Source "Pit Schulenburg"]
[SourceDate "2014.03.06"]

1. e4 c6 2. d4 d5 3. exd5 cxd5 4. Bd3 g6 5. Bf4 Bg7 6. c3 Nf6 7. h3 O-O 8. Nf3
Qb6 9. Qb3 Nbd7 10. O-O Nh5 11. Bh2 Qxb3 12. axb3 a6 13. Re1 e6 14. Na3 Nb6 15.
Bc7 Nd7 16. g4 Nhf6 17. Nc2 (17. Bd6 $1 Rd8 18. Nb5 Bf8 19. Bc7 Re8 20. g5 Nh5
$16) 17... Ne8 18. Bh2 Nb6 19. Kg2 1/2-1/2

[Event "FSV-ch 2014"]
[Site "Offene VM 2014"]
[Date "2014.04.03"]
[Round "4.13"]
[White "Jost, Udo"]
[Black "Jentzsch, Werner W"]
[Result "1-0"]
[WhiteElo "1851"]
[BlackElo "1322"]
[PlyCount "27"]
[EventDate "2014.??.??"]
[Source "Pit Schulenburg"]
[SourceDate "2014.03.06"]

1. c4 e5 2. Nc3 Nf6 3. e3 d5 4. cxd5 Nxd5 5. Qb3 Nxc3 6. dxc3 Bd6 7. Bc4 O-O 8.
e4 Nd7 9. Nf3 Nc5 10. Qc2 Kh8 11. Ng5 Ne6 12. h4 f6 13. Nxe6 Bxe6 14. Bxe6 1-0